[Event "Bialystok Zamenhof Memorial-C 35th"]
[Site "Bialystok"]
[Date "2017.12.31"]
[Round "9.23"]
[White "Stasienko, Lukasz"]
[Black "Kuleba, Ivan"]
[Result "1-0"]
[WhiteElo "1483"]
[BlackElo "1658"]
[PlyCount "25"]
[EventDate "2017.12.27"]
[EventType "swiss"]
[EventRounds "9"]
[EventCountry "POL"]
[SourceTitle "EXT 2023"]
[Source "ChessBase"]
[SourceDate "2022.10.05"]
[SourceVersion "1"]
[SourceVersionDate "2022.10.05"]
[SourceQuality "1"]

1. e4 c5 2. d4 cxd4 3. Nf3 Nc6 4. Nxd4 g6 5. Nxc6 bxc6 6. Qd4 Nf6 7. e5 Ng8 8. e6 Nf6 9. exf7+ Kxf7 10. Bc4+ d5 11. 0-0 Bg7 12. Bb3 Ne4 13. Qxe4 1-0

[Event "Bialystok Zamenhof Memorial-C 35th"]
[Site "Bialystok"]
[Date "2017.12.30"]
[Round "7.29"]
[White "Stasienko, Lukasz"]
[Black "Zaleski, Andrzej"]
[Result "1-0"]
[WhiteElo "1483"]
[BlackElo "1488"]
[PlyCount "109"]
[EventDate "2017.12.27"]
[EventType "swiss"]
[EventRounds "9"]
[EventCountry "POL"]
[SourceTitle "EXT 2023"]
[Source "ChessBase"]
[SourceDate "2022.10.05"]
[SourceVersion "1"]
[SourceVersionDate "2022.10.05"]
[SourceQuality "1"]

1. d4 Nf6 2. c4 e6 3. Nc3 Bb4 4. Qc2 d5 5. a3 Bxc3+ 6. Qxc3 Nc6 7. Nf3 h6 8. Bf4 0-0 9. e3 Ne7 10. c5 Ng6 11. Bg3 Ne4 12. Qc2 c6 13. Bd3 Nxg3 14. fxg3 f5 15. 0-0-0 Qa5 16. g4 fxg4 17. Bxg6 gxf3 18. Bh7+ Kh8 19. gxf3 Bd7 20. f4 b6 21. Bg6 Rf6 22. Rhg1 Rb8 23. Qg2 Rg8 24. Bb1 bxc5 25. Qc2 g6 26. dxc5 Be8 27. h4 h5 28. Rd3 Bf7 29. b4 Qb5 30. Qb2 Kg7 31. Rd2 Rh8 32. Bc2 a5 33. Rf2 Be8 34. Rfg2 Rh6 35. Rg5 Kf7 36. Qb1 Kg7 37. Re5 Kf7 38. Reg5 Kg7 39. Qb2 axb4 40. axb4 Qc4 41. f5 Qe2 42. Qd4 Qc4 43. Qxc4 dxc4 44. fxg6 Rf3 45. R1g3 Rf2 46. Re5 Bd7 47. Re4 Rh8 48. Rxc4 e5 49. Rg5 Be6 50. Rc3 Kf6 51. Ra3 Rh2 52. g7 Rg8 53. Rg6+ Ke7 54. Ra7+ Kd8 55. Rxe6 1-0

[Event "Bialystok Zamenhof Memorial-C 35th"]
[Site "Bialystok"]
[Date "2017.12.29"]
[Round "6.29"]
[White "Stasienko, Lukasz"]
[Black "Bobras, Jan"]
[Result "1-0"]
[WhiteElo "1483"]
[BlackElo "1619"]
[PlyCount "79"]
[EventDate "2017.12.27"]
[EventType "swiss"]
[EventRounds "9"]
[EventCountry "POL"]
[SourceTitle "EXT 2023"]
[Source "ChessBase"]
[SourceDate "2022.10.05"]
[SourceVersion "1"]
[SourceVersionDate "2022.10.05"]
[SourceQuality "1"]

1. e4 g6 2. d4 Bg7 3. Nf3 d6 4. Bc4 c6 5. 0-0 d5 6. Bd3 dxe4 7. Bxe4 Nf6 8. Bd3 0-0 9. h3 Nbd7 10. Be3 Nd5 11. Bd2 Re8 12. c4 N5f6 13. Bc3 e6 14. Nbd2 b6 15. Qa4 Bb7 16. Ne4 Qc8 17. Nd6 Qc7 18. Nxe8 Nxe8 19. Rfe1 c5 20. Be4 Bxe4 21. Rxe4 cxd4 22. Bxd4 e5 23. Nxe5 Nxe5 24. Rae1 f6 25. f4 Nd6 26. fxe5 Nxe4 27. Rxe4 fxe5 28. Qb5 exd4 29. Qd5+ Kf8 30. Qxa8+ Kf7 31. Qe8+ Kf6 32. Qe6+ Kg5 33. Rg4+ Kh5 34. Rxg6 Qf4 35. Rxg7 Qc1+ 36. Kh2 Qf4+ 37. Rg3 d3 38. Qg8 h6 39. Qg6+ Kh4 40. Qxd3 1-0

[Event "Bialystok Zamenhof Memorial-C 35th"]
[Site "Bialystok"]
[Date "2017.12.28"]
[Round "4.23"]
[White "Pilka, Lukasz"]
[Black "Stasienko, Lukasz"]
[Result "1-0"]
[WhiteElo "1676"]
[BlackElo "1483"]
[PlyCount "27"]
[EventDate "2017.12.27"]
[EventType "swiss"]
[EventRounds "9"]
[EventCountry "POL"]
[SourceTitle "EXT 2023"]
[Source "ChessBase"]
[SourceDate "2022.10.05"]
[SourceVersion "1"]
[SourceVersionDate "2022.10.05"]
[SourceQuality "1"]

1. e4 c5 2. c3 Nc6 3. d4 cxd4 4. cxd4 d6 5. Nf3 Bg4 6. Be2 g6 7. d5 Bxf3 8. Bxf3 Ne5 9. Be2 Nf6 10. Nc3 Rc8 11. 0-0 a6 12. f4 Nc4 13. Qa4+ b5 14. Qxa6 1-0

[Event "Bialystok Zamenhof Memorial-C 35th"]
[Site "Bialystok"]
[Date "2017.12.27"]
[Round "2.15"]
[White "Stasienko, Lukasz"]
[Black "Poplawski, Maciej"]
[Result "0-1"]
[WhiteElo "1483"]
[BlackElo "1871"]
[PlyCount "32"]
[EventDate "2017.12.27"]
[EventType "swiss"]
[EventRounds "9"]
[EventCountry "POL"]
[SourceTitle "EXT 2023"]
[Source "ChessBase"]
[SourceDate "2022.10.05"]
[SourceVersion "1"]
[SourceVersionDate "2022.10.05"]
[SourceQuality "1"]

1. d4 Nf6 2. Bg5 c5 3. d5 b5 4. Bxf6 gxf6 5. g3 d6 6. e3 Qb6 7. Na3 Ba6 8. c3 Bg7 9. Qb3 Nd7 10. Bxb5 Rb8 11. Bxa6 Qxa6 12. Qc2 Ne5 13. Rd1 c4 14. Rd2 Nd3+ 15. Rxd3 cxd3 16. Qc1 Qb7 0-1

[Event "Bialystok Spring qual"]
[Site "Bialystok"]
[Date "2014.??.??"]
[Round "8"]
[White "Ziziuk, Martyna"]
[Black "Stasienko, Lukasz"]
[Result "1-0"]
[WhiteElo "1418"]
[BlackElo "1464"]
[PlyCount "71"]
[EventDate "2014.04.??"]
[EventType "swiss"]
[EventRounds "9"]
[EventCountry "POL"]
[SourceTitle "EXT 2016"]
[Source "ChessBase"]
[SourceDate "2015.10.08"]
[SourceVersion "1"]
[SourceVersionDate "2015.10.08"]
[SourceQuality "1"]

1. c4 e5 2. Nc3 Nf6 3. d3 d5 4. cxd5 Nxd5 5. Bd2 Be6 6. Nf3 Nc6 7. g3 Bd6 8. Bg2 h6 9. a3 a6 10. 0-0 f5 11. Nh4 Nce7 12. Nxd5 Nxd5 13. Bxd5 Bxd5 14. Nxf5 Bf8 15. Qa4+ Bc6 16. Qc4 Qd7 17. Ne3 0-0-0 18. Bc3 Bd6 19. Qg4 e4 20. dxe4 Qxg4 21. Nxg4 Bxe4 22. Bxg7 Bf5 23. Ne3 Bh3 24. Bxh8 Bxf1 25. Nxf1 Rxh8 26. Rd1 h5 27. h4 Re8 28. e3 Re6 29. a4 Kd7 30. Nd2 Kc6 31. Kf1 Be5 32. Nc4 Bf6 33. Rc1 Kd7 34. Rc2 Rc6 35. b3 Be7 36. Ne5+ 1-0

[Event "Augustow op"]
[Site "Augustow"]
[Date "2007.08.29"]
[Round "9.15"]
[White "Zochowski, Kacper"]
[Black "Stasienko, Lukasz"]
[Result "1/2-1/2"]
[WhiteElo "1587"]
[BlackElo "1484"]
[PlyCount "108"]
[EventDate "2007.08.24"]
[EventType "swiss"]
[EventRounds "9"]
[EventCountry "POL"]
[SourceTitle "EXT 2023"]
[Source "ChessBase"]
[SourceDate "2022.10.05"]
[SourceVersion "1"]
[SourceVersionDate "2022.10.05"]
[SourceQuality "1"]

1. e4 d5 2. exd5 Nf6 3. Bc4 Nxd5 4. Nc3 c6 5. d4 Bf5 6. Nf3 e6 7. a3 Nd7 8. 0-0 h6 9. Re1 N7f6 10. Bb3 Bg4 11. Qd3 Bd6 12. Nxd5 Nxd5 13. Bxd5 cxd5 14. Qb5+ Qd7 15. Qxd7+ Kxd7 16. Ne5+ Bxe5 17. dxe5 Rhc8 18. c3 a5 19. a4 Bf5 20. Be3 Rc4 21. Rec1 Ra6 22. Bd4 Bd3 23. f3 Ke7 24. Kf2 f6 25. f4 h5 26. Ke3 Be4 27. g3 Bg6 28. Ra3 Be8 29. Rca1 Rc7 30. Rb3 Bc6 31. Rb6 Ra8 32. Bc5+ Kf7 33. Bd6 Rcc8 34. Rc1 f5 35. b3 Rh8 36. h4 Ra6 37. Bc7 Rha8 38. c4 Ke8 39. Rxa6 Rxa6 40. c5 Kd7 41. Bb6 g6 42. Kd4 Kc8 43. Kc3 Kd7 44. Rd1 Kc8 45. Rd4 Ra8 46. Kb2 Ra6 47. Kc3 Ra8 48. b4 axb4+ 49. Rxb4 Ra6 50. a5 Ra8 51. Rd4 Ra6 52. Rd1 Ra8 53. Kb4 Ra6 54. Ra1 Ra8 1/2-1/2

[Event "Ostroda op-B 4th"]
[Site "Ostroda"]
[Date "2007.08.08"]
[Round "4"]
[White "Jarczewski, Marcin"]
[Black "Stasienko, Lukasz"]
[Result "1-0"]
[WhiteElo "1805"]
[BlackElo "1484"]
[PlyCount "83"]
[EventDate "2007.08.06"]
[EventType "swiss"]
[EventRounds "9"]
[EventCountry "POL"]
[SourceTitle "EXT 2023"]
[Source "ChessBase"]
[SourceDate "2022.10.05"]
[SourceVersion "1"]
[SourceVersionDate "2022.10.05"]
[SourceQuality "1"]

1. e4 c5 2. d4 cxd4 3. Nf3 Nc6 4. Nxd4 g6 5. Nc3 Bg7 6. Be3 Nf6 7. Bc4 Qa5 8. 0-0 0-0 9. f4 Qb4 10. Qe2 Qxb2 11. Ndb5 Qb4 12. Rab1 Qa5 13. Rb3 Qd8 14. Ra3 b6 15. e5 Ne8 16. Bd5 Nc7 17. Rd1 Nxd5 18. Nxd5 a6 19. Bxb6 axb5 20. Rxa8 Qe8 21. Qxb5 f6 22. Nc7 Qf7 23. a4 fxe5 24. fxe5 Bxe5 25. Rf1 Bf6 26. Nd5 Qe6 27. Nxf6+ exf6 28. a5 Kg7 29. a6 Qe4 30. Qd3 Qb4 31. Be3 Ne5 32. Qd2 Qe4 33. Rb8 g5 34. a7 Bb7 35. Rxf8 Kxf8 36. Bxg5 f5 37. Re1 Nf3+ 38. gxf3 Qxf3 39. Qd6+ Kf7 40. Re7+ Kg8 41. Re8+ Kf7 42. Rf8+ 1-0